Frozen food technology
Αποθηκεύτηκε σε:
| Άλλοι συγγραφείς: | |
|---|---|
| Μορφή: | Βιβλίο |
| Γλώσσα: | English |
| Δημοσίευση: |
London :
Blackie Academic & Professional,
c1993.
|
| Έκδοση: | 1st ed. |
| Θέματα: | |
| Ετικέτες: |
Προσθήκη ετικέτας
Δεν υπάρχουν, Καταχωρήστε ετικέτα πρώτοι!
|
MARC
| LEADER | 00000cam a2200000 i 4500 | ||
|---|---|---|---|
| 001 | 1/105790 | ||
| 008 | 090603s1993 enk |||||||||| ||eng|| | ||
| 020 | |a 0751-00726 | ||
| 035 | |l 10104965 | ||
| 040 | |a GR-MY-UA |b gre |e aacr | ||
| 041 | 0 | |a eng | |
| 082 | 0 | |a 664.02853 |2 (22) | |
| 245 | 1 | 0 | |a Frozen food technology / |c edited by C.P. Mallett. |
| 250 | |a 1st ed. | ||
| 260 | |a London : |b Blackie Academic & Professional, |c c1993. | ||
| 300 | |a xxv, 339 σ. : |b εικ., φωτ. ; |c 24 εκ. | ||
| 504 | |a Περιέχει βιβλιογραφικές παραπομπές. | ||
| 504 | |a Ευρετήριο : σ. 333-339. | ||
| 650 | 0 | 0 | |a Frozen foods. |
| 700 | 1 | |a Mallett, C.P. |e edt | |
| 852 | |a INST |b LEMNOS |e 20090603 |h 664.02853 FRO |p 005600000018 |q 005600000018 |t BK |y 0 | ||
| 901 | |a BIBL6-2009-2 | ||
| 909 | |a Μ |b 157390 | ||
| 922 | |a 6ΕΛΗ |b 200810 |c ΕΠΕΑΕΚ2/ΚΥΒ |d ΜΙΧΑΛΟΠΟΥΛΟΣ | ||
| 970 | |a ΠΑΝΤΑΖΗ |b ΑΝΤΩΝΙΑ |z 2009/06/03 | ||